Spotrebiteľské odmietanie privátnych značiek

Podstata a pôvod odmietania privátnych značiek. Dôvody pre odmietnutie značky. Prípadová štúdia.

Na minha lista:
Detalhes bibliográficos
Autor principal: Hrnčiarová Turčiaková, Anna
Formato: Capítulo de Livro
Idioma:eslovaco
Assuntos:
Tags: Adicionar Tag
Sem tags, seja o primeiro a adicionar uma tag!

MARC

LEADER 00000naa a2200000 4500
001 0185900
005 20240502073200.5
041 0 |a slo 
044 |a SK 
245 1 0 |a Spotrebiteľské odmietanie privátnych značiek  |c Anna Hrnčiarová Turčiaková 
520 |a Podstata a pôvod odmietania privátnych značiek. Dôvody pre odmietnutie značky. Prípadová štúdia. 
610 2 0 |a značky maloobchodné 
610 2 0 |a značky výrobkov 
610 2 0 |a spotrebitelia 
610 2 0 |a dopyt spotrebiteľský 
610 2 0 |a štúdie prípadové 
100 1 |a Hrnčiarová Turčiaková, Anna